000
00334 a2200109 4500
001
ART_11023
005
20260410161849.0
008
260409a
245
1
0
_a
Hacia una teoría del no equilibrio económico
100
1
_a
Beker, Víctor Alberto
773
0
_t
Económica
_g
- Año XXXVIII, Nº 1/2 (ene. 1992)
_w
REV7541
999
_c
24866
_d
24866